000 00714nmc a2200277 a 4500
003 AR-BaBNM
005 20251128211259.0
008 173120s2002 ||||||||||||||000 | spa||
020 _a950-753-102-5
040 _cAR-BaBNM
100 1 _aKordon, Klaus
245 1 0 _aEl muro
260 _aBuenos Aires
_bCántaro Editores
_c2002
300 _a190 p.
_bil.
490 0 _aAldea literaria
650 4 _aLITERATURA ALEMANA
650 4 _aLITERATURA CONTEMPORANEA
650 4 _aNOVELAS
653 _aNARRATIVA
655 _aLITERATURA
700 1 _aIbarlucía, Ricardo
_etraductor
700 1 _aObermeier, Alejandra
_etraductor
800 1 _aHöhn, Guillermo
_edirector
942 _cBK
998 _cmartin
999 _c18984
_d18984